ბათუმის შოთა რუსთაველის სახელმწიფო უნივერსიტეტის ბიბლიოთეკა

Культурная антропология (ბიბ.ჩანაწერი № 34993)

000 -LEADER
fixed length control field 00601nam a2200229Ia 4500
001 - CONTROL NUMBER
control field 829
003 - CONTROL NUMBER IDENTIFIER
control field GE_BSU
008 - FIXED-LENGTH DATA ELEMENTS--GENERAL INFORMATION
fixed length control field 181216s||||||||xx |||||||||||||| ||und||
020 ## - INTERNATIONAL STANDARD BOOK NUMBER
International Standard Book Number 5777702120
040 ## - CATALOGING SOURCE
Transcribing agency GE_BSU
080 ## - UNIVERSAL DECIMAL CLASSIFICATION NUMBER
Universal Decimal Classification number 008:572
100 ## - MAIN ENTRY--PERSONAL NAME
Personal name Арутюнов,С.А.;Рыжакова,С.И.
245 ## - TITLE STATEMENT
Title Культурная антропология
245 ## - TITLE STATEMENT
Remainder of title Серия "Аудитория
260 ## - PUBLICATION, DISTRIBUTION, ETC.
Place of publication, distribution, etc. Москва
260 ## - PUBLICATION, DISTRIBUTION, ETC.
Name of publisher, distributor, etc. Весь Мир
260 ## - PUBLICATION, DISTRIBUTION, ETC.
Date of publication, distribution, etc. 2004
300 ## - PHYSICAL DESCRIPTION
Extent 216стр.
653 ## - INDEX TERM--UNCONTROLLED
Uncontrolled term Культурная антропология
942 ## - ADDED ENTRY ELEMENTS (KOHA)
Koha item type წიგნი
ეგზემპლარები
Withdrawn status Lost status Damaged status Not for loan Date acquired Barcode Date last seen Price effective from Koha item type
        2018-12-17 1292 2018-12-17 2018-12-17 წიგნი